Tomkins v Basildon DC (Record no. 70715)
[ view plain ]
| 000 -LEADER | |
|---|---|
| fixed length control field | 01044cam a2200217 4500 |
| 001 - CONTROL NUMBER | |
| control field | WB3825-10 |
| 008 - FIXED-LENGTH DATA ELEMENTS--GENERAL INFORMATION | |
| fixed length control field | 020711n2002 000 0 eng u |
| 035 ## - SYSTEM CONTROL NUMBER | |
| System control number | (Sirsi) u118780 |
| 245 ## - TITLE STATEMENT | |
| Title | Tomkins v Basildon DC |
| 260 ## - PUBLICATION, DISTRIBUTION, ETC. | |
| Date of publication, distribution, etc. | 2002 |
| 490 ## - SERIES STATEMENT | |
| Series statement | Estates Gazette |
| Volume/sequential designation | [2002] 27 EG 140 (CS) (06/07/02) |
| 490 ## - SERIES STATEMENT | |
| Series statement | Estates Gazette |
| Volume/sequential designation | [2002] 43 EG 206; [2002] EWCA Civ 876 |
| 520 ## - SUMMARY, ETC. | |
| Summary, etc. | CA 24 June 2002 Tenant T had 20 years lease on premises for permitted business and residential use. T ceased trading in 1986. T's breach of covenant concerning use, although accepted by landlord, did not amount to surrender of business lease. T was not granted residential periodic tenancy, which would have given her protection under Landlord and Tenant Act 1985 S11. T's appeal dismissed. Landlord B's cross-appeal allowed. |
| 590 ## - LOCAL NOTE (RLIN) | |
| Local note | WB |
| 650 ## - SUBJECT ADDED ENTRY--TOPICAL TERM | |
| Topical term or geographic name entry element | VARIATION AND SURRENDER |
| 650 ## - SUBJECT ADDED ENTRY--TOPICAL TERM | |
| Topical term or geographic name entry element | LANDLORD AND TENANT ACT 1985 S11 |
| 650 ## - SUBJECT ADDED ENTRY--TOPICAL TERM | |
| Topical term or geographic name entry element | PERIODIC TENANCIES |
| 650 ## - SUBJECT ADDED ENTRY--TOPICAL TERM | |
| Topical term or geographic name entry element | TOMKINS V BASILDON DC |
| 690 ## - LOCAL SUBJECT ADDED ENTRY--TOPICAL TERM (OCLC, RLIN) | |
| Topical term or geographic name as entry element | PROPERTY-LANDLORD AND TENANT |
| 942 ## - ADDED ENTRY ELEMENTS (KOHA) | |
| Suppress in OPAC | 0 |
| Withdrawn status | Lost status | Source of classification or shelving scheme | Damaged status | Not for loan | Home library | Current library | Shelving location | Date acquired | Total Checkouts | Full call number | Barcode | Date last seen | Copy number | Price effective from | Koha item type |
|---|---|---|---|---|---|---|---|---|---|---|---|---|---|---|---|
| Dewey Decimal Classification | London | London | News article | 11/07/2002 | WB3825-10 | 118780-1001 | 06/08/2019 | 1 | 06/08/2019 | Law report |